书目信息 |
| 题名: |
高等数学复习指导
|
|
| 作者: | 胡金德 , 张元德 编著 | |
| 分册: | ||
| 出版信息: | 北京 国家行政学院出版社 2000.04 |
|
| 页数: | 394页 | |
| 开本: | 32开 | |
| 丛书名: | ||
| 单 册: | ||
| 中图分类: | O13 | |
| 科图分类: | ||
| 主题词: | 高等数学 | |
| 电子资源: | ||
| ISBN: | 7-80140-066-6 | |
| 000 | 00603nam0 2200205 45 | |
| 001 | 0008071038 | |
| 005 | 20010330101349.2 | |
| 010 | @a7-80140-066-6@d13.80元 | |
| 100 | @a20000807d2000 km y0chiy0120 ea | |
| 101 | 0 | @achi |
| 105 | @a z 000yy | |
| 200 | 1 | @a高等数学复习指导@AGao Deng Shu Xue Fu Xi Zhi Dao@f胡金德,张元德编著@FHu Jin De,Zhang Yuan De Bian Zhu |
| 210 | @a北京@c国家行政学院出版社@d2000.04 | |
| 215 | @a394页@d32开 | |
| 606 | 0 | @a高等数学 |
| 690 | @aO13@v3 | |
| 701 | 0 | @a胡金德@4编著 |
| 701 | 0 | @a张元德@4编著 |
| 801 | @aCN@bPftUser@c20000807 | |
| 905 | @dO13@eH139@b334185-188@f4 | |
| 高等数学复习指导/胡金德,张元德编著.-北京:国家行政学院出版社,2000.04 |
| 394页;32开 |
| ISBN 7-80140-066-6:13.80元 |
| ● |
| 相关链接 |
|
|
|
正题名:高等数学复习指导
索取号:O13/H139
 
预约/预借
| 序号 | 登录号 | 条形码 | 馆藏地/架位号 | 状态 | 备注 |
| 1 | 334185 | 203341856 | 自科库401/401自科库 106排4列1层/ [索取号:O13/H139] | 在馆 | |
| 2 | 334186 | 203341865 | 自科库401/401自科库 106排4列1层/ [索取号:O13/H139] | 在馆 | |
| 3 | 334187 | 203341874 | 自科库401/ [索取号:O13/H139] | 在馆 | |
| 4 | 334188 | 203341883 | 自科二线504/504自科库 35排2列2层/ [索取号:O13/H139] | 在馆 |